000 01005cam a2200217 4500
001 WB3816-02
008 020430n2002 000 0 eng u
035 _a(Sirsi) u117770
245 _aIndustry hit by economic downturn
260 _c2002
490 _aEULER Trade Indemnity Press Release
_v24 April 2002, (2)
520 _aEULER Trade Indemnity's latest "Quarterly financial trends survey" illustrates the impact of the economic downturn in 2001on the construction industry as profitability and orders gradually decline. The survey cites labour costs, price discounting, competition and higher raw material and fuel prices as the main causes of falling profitability. http://www.eulergroup.com/ETI/html-gb/popup-news/news_milieu.cfm?id_publi=948&language=English
590 _aWB
650 _aCONSTRUCTION INDUSTRY
650 _aCONSTRUCTION ORDERS
650 _aECONOMIC DOWNTURN
650 _aPROFITS
650 _aEULER TRADE INDEMNITY
690 _aBUILT ENVIRONMENT
942 _n0
999 _c70122
_d70122